000 00781nam a2200205Ia 4500
001 12509
003 GE_BSU
008 181216s||||||||xx |||||||||||||| ||und||
040 _cGE_BSU
080 _a636.01
245 _aПроблема происхождения домашних животных
245 _bТруды совещания по происхождению домашних животных, состоявщегося при лаборатории генетики АНССР 23-25 марта 1932 г.
260 _aЛенинград
260 _c1933
300 _a373стр.26см.
300 _eТаблицы с.340-373
653 _aПроблема происхождения домашних животных
653 _aТруды
942 _cBK
999 _c45683
_d45683